书目信息 |
| 题名: |
涡运动理论
|
|
| 作者: | 童秉纲 编著 | |
| 分册: | ||
| 出版信息: | 合肥 中国科学技术大学出版社 1994.10 |
|
| 页数: | 271页 | |
| 开本: | 32开 | |
| 丛书名: | ||
| 单 册: | ||
| 中图分类: | O357.1 | |
| 科图分类: | ||
| 主题词: | 流体力学 | |
| 电子资源: | ||
| ISBN: | 7-312-00596-9 | |
| 000 | 00554nam0 2200193 45 | |
| 001 | 0008081676 | |
| 005 | 20000808164330.8 | |
| 010 | @a7-312-00596-9@d18.00元 | |
| 100 | @a20000808d1994 km y0chiy0120 ea | |
| 101 | 0 | @achi |
| 105 | @a z 000yy | |
| 200 | 1 | @a涡运动理论@AWo Yun Dong Li Lun@f童秉纲等编著@FTong Bing Gang Deng Bian Zhu |
| 210 | @a合肥@c中国科学技术大学出版社@d1994.10 | |
| 215 | @a271页@d32开 | |
| 606 | 0 | @a流体力学 |
| 690 | @aO357.1@v3 | |
| 701 | 0 | @a童秉纲@4编著 |
| 801 | @aCN@bPftUser@c20000808 | |
| 905 | @b93802-806@dO357.1@eT261@f5 | |
| 涡运动理论/童秉纲等编著.-合肥:中国科学技术大学出版社,1994.10 |
| 271页;32开 |
| ISBN 7-312-00596-9:18.00元 |
| ● |
| 相关链接 |
|
|
|
正题名:涡运动理论
索取号:O357.1/T261
 
预约/预借
| 序号 | 登录号 | 条形码 | 馆藏地/架位号 | 状态 | 备注 |
| 1 | 93802 | 200938021 | 自科二线504/504自科库 50排3列5层/ [索取号:O357.1/T261] | 在馆 | |
| 2 | 93803 | 200938030 | 自科二线504/504自科库 50排3列5层/ [索取号:O357.1/T261] | 在馆 | |
| 3 | 93804 | 200938049 | 自科库401/401自科库 53排7列1层/ [索取号:O357.1/T261] | 在馆 | |
| 4 | 93805 | 200938058 | 自科库401/401自科库 53排7列1层/ [索取号:O357.1/T261] | 在馆 | |
| 5 | 93806 | 200938067 | 自科库401/401自科库 53排7列1层/ [索取号:O357.1/T261] | 在馆 |